Menjejak arus

Bibliographic Details
Main Author: Ismail bin Wardi
Format: Book
Published: Shah Alam : Marwilis Publisher 992
Subjects:

MARC

LEADER 00000cam a2200000 7i4500
001 0000003501
002 000003771
005 20000330.0
020 |a 9838312207 
090 0 0 |a F   |b ISM 
100 0 |a Ismail bin Wardi 
245 1 0 |a Menjejak arus   |c Iswardy 
260 |a Shah Alam :   |b Marwilis Publisher 992 
300 |a 234 p. ;   |c 18 cm. 
650 0 0 |a Malay fiction 
999 |a 031965   |b BUKU   |c FICTION   |e PERPUSTAKAAN KOMUNITI PETALING JAYA 
999 |a 031966   |b BUKU   |c FICTION   |e PERPUSTAKAAN KOMUNITI PETALING JAYA